Подробности
| 000 -МАРКЕР |
| контрольное поле |
09141nam0a22005891 4500 |
| 001 - ИДЕНТИФИКАТОР ЗАПИСИ |
| контрольное поле |
rc\3061081 |
| 005 - ИДЕНТИФИКАТОР ВЕРСИИ |
| контрольное поле |
20250530035420.0 |
| 035 ## - ДРУГИЕ СИСТЕМНЫЕ НОМЕРА |
| Идентификатор записи |
(NLR Aleph) 007199786 |
| 100 ## - ДАННЫЕ ОБЩЕЙ ОБРАБОТКИ |
| Данные общей обработки |
20111012d1935 |||y0rusy50 ca |
| 101 0# - ЯЗЫК РЕСУРСА |
| Язык текста, звукозаписи и т.д. |
русский |
| 102 ## - СТРАНА ПУБЛИКАЦИИ ИЛИ ПРОИЗВОДСТВА |
| Страна публикации |
Российская Федерация |
| 105 ## - ПОЛЕ КОДИРОВАННЫХ ДАННЫХ: ТЕКСТОВЫЕ МАТЕРИАЛЫ, МОНОГРАФИЧЕСКИЕ |
| Кодированные данные о монографическом текстовом документе |
b z ||||| |
| 200 1# - ЗАГЛАВИЕ И СВЕДЕНИЯ ОБ ОТВЕТСТВЕННОСТИ |
| Основное заглавие |
Фашистская Германия готовится к войне |
| Сведения, относящиеся к заглавию |
Сборник статей |
| Первые сведения об ответственности |
Под общ. ред. и с предисл. А. Виленчука |
| 210 ## - ПУБЛИКАЦИЯ, РАСПРОСТРАНЕНИЕ И ДР. |
| Место издания, распространения и т.д. |
Москва |
| -- |
Ленинград |
| Имя издателя, распространителя и т. д. |
Соцэкгиз |
| Дата издания, распространения и т.д. |
1935 |
| Место изготовления |
[Москва] |
| Имя изготовителя |
типо-литогр. им. Воровского |
| 215 ## - ФИЗИЧЕСКАЯ ХАРАКТЕРИСТИКА |
| Специфическое обозначение материала и объем |
Обл., XXII с. |
| Другие сведения о физической характеристике |
карт. |
| Размеры |
22х15 см |
| 327 1# - ПРИМЕЧАНИЯ О СОДЕРЖАНИИ |
| Текст примечания |
Содерж.: Радек К. Международное положение и борьба СССР за мир; Радек К. Голова в пасти льва; Юрин А. Внешнеполитическая программа и тактика "3 империи"; Юрин А. На дрожжах предвоенной конъюнктуры; Архивариус Князь Януш в поход собирается; Крумин Я. Германский империализм и Прибалтика; Анбор Г. Колониальные требования Германии; Подготовка Германии к войне; Немо Акт 16 марта; Тухачевский М. Военные планы нынешней Германии; Наблюдатель Как комплектуется германская армия; Гаус Р. Германский военный воздушный флот; Шведе Е.- |
| 327 1# - ПРИМЕЧАНИЯ О СОДЕРЖАНИИ |
| -- |
^^ |
| Текст примечания |
Морские силы Германии; Виленчук А.М. Из вариантой военных планов фашистской Германии; Виленчук А.М. Проблемы стратегического сырья в "3 империи"; Виленчук А.М. Поджигатели войны за работой; Гернле Э. Военные приготовления германского фашизма в области сельского хозяйства; Кильбах М. Подготовка германского транспорта к войне; Кобелев М. Стратегическое значение германских автострад; Шульц Г. За чей счет вооружается современная Германия; Борьба за душу солдата; Гер Ю. Военная пропаганда в фашистской Германии; Наци и венский путч; Волынский Л.- |
| 327 1# - ПРИМЕЧАНИЯ О СОДЕРЖАНИИ |
| -- |
^^ |
| Текст примечания |
Форпост германского фашизма в Чехословакии; Кнорин В. Фашизм и пролетариат; Рихтер М. Военная политика Гитлера и задачи германской компартии |
| 464 #0 - АНАЛИТИЧЕСКИЙ УРОВЕНЬ |
| Встроенное поле |
2001#$aМеждународное положение и борьба СССР за мир |
| -- |
700#1$aРадек$bК. Б.$gКарл Бернгардович$f1885-1939$cпартийный деятель, журналист$3RU\NLR\AUTH\770141352$4070 |
| Заглавие |
Международное положение и борьба СССР за мир |
| Автор |
Радек, Карл Бернгардович (партийный деятель, журналист ; 1885-1939) |
| 464 #0 - АНАЛИТИЧЕСКИЙ УРОВЕНЬ |
| Встроенное поле |
2001#$aГолова в пасти льва |
| -- |
700#1$aРадек$bК. Б.$gКарл Бернгардович$f1885-1939$cпартийный деятель, журналист$3RU\NLR\AUTH\770141352$4070 |
| Заглавие |
Голова в пасти льва |
| Автор |
Радек, Карл Бернгардович (партийный деятель, журналист ; 1885-1939) |
| 464 #0 - АНАЛИТИЧЕСКИЙ УРОВЕНЬ |
| Встроенное поле |
2001#$aВнешнеполитическая программа и тактика "3 империи" |
| -- |
700#1$aЮрин$bА.$4070 |
| Заглавие |
Внешнеполитическая программа и тактика "3 империи" |
| Автор |
Юрин, А. |
| 464 #0 - АНАЛИТИЧЕСКИЙ УРОВЕНЬ |
| Встроенное поле |
2001#$aНа дрожжах предвоенной конъюнктуры |
| -- |
700#1$aЮрин$bА.$4070 |
| Заглавие |
На дрожжах предвоенной конъюнктуры |
| Автор |
Юрин, А. |
| 464 #0 - АНАЛИТИЧЕСКИЙ УРОВЕНЬ |
| Встроенное поле |
2001#$aКнязь Януш в поход собирается |
| -- |
700#0$aАрхивариус$4070 |
| Заглавие |
Князь Януш в поход собирается |
| Автор |
Архивариус |
| 464 #0 - АНАЛИТИЧЕСКИЙ УРОВЕНЬ |
| Встроенное поле |
2001#$aГерманский империализм и Прибалтика |
| -- |
700#1$aКрумин$bЯ.$4070 |
| Заглавие |
Германский империализм и Прибалтика |
| Автор |
Крумин, Я. |
| 464 #0 - АНАЛИТИЧЕСКИЙ УРОВЕНЬ |
| Встроенное поле |
2001#$aКолониальные требования Германии |
| -- |
700#1$aАнбор$bГ.$4070 |
| Заглавие |
Колониальные требования Германии |
| Автор |
Анбор, Г. |
| 464 #0 - АНАЛИТИЧЕСКИЙ УРОВЕНЬ |
| Встроенное поле |
2001#$aПодготовка Германии к войне |
| Заглавие |
Подготовка Германии к войне |
| 464 #0 - АНАЛИТИЧЕСКИЙ УРОВЕНЬ |
| Встроенное поле |
2001#$aАкт 16 марта |
| -- |
700#1$aНемо$4070 |
| Заглавие |
Акт 16 марта |
| Автор |
Немо |
| 464 #0 - АНАЛИТИЧЕСКИЙ УРОВЕНЬ |
| Встроенное поле |
2001#$aВоенные планы нынешней Германии |
| -- |
700#1$aТухачевский$bМ.$4070 |
| Заглавие |
Военные планы нынешней Германии |
| Автор |
Тухачевский, М. |
| 464 #0 - АНАЛИТИЧЕСКИЙ УРОВЕНЬ |
| Встроенное поле |
2001#$aКак комплектуется германская армия |
| -- |
700#0$aНаблюдатель$4070 |
| Заглавие |
Как комплектуется германская армия |
| Автор |
Наблюдатель |
| 464 #0 - АНАЛИТИЧЕСКИЙ УРОВЕНЬ |
| Встроенное поле |
2001#$aГерманский военный воздушный флот |
| -- |
700#1$aГаус$bР.$4070 |
| Заглавие |
Германский военный воздушный флот |
| Автор |
Гаус, Р. |
| 464 #0 - АНАЛИТИЧЕСКИЙ УРОВЕНЬ |
| Встроенное поле |
2001#$aМорские силы Германии |
| -- |
700#1$aШведе$bЕ.$4070 |
| Заглавие |
Морские силы Германии |
| Автор |
Шведе, Е. |
| 464 #0 - АНАЛИТИЧЕСКИЙ УРОВЕНЬ |
| Встроенное поле |
2001#$aИз вариантой военных планов фашистской Германии |
| -- |
700#1$aВиленчук$bА.М.$gАбрам Максимович$f1896-$4070 |
| Заглавие |
Из вариантой военных планов фашистской Германии |
| Автор |
Виленчук, Абрам Максимович (1896-) |
| 464 #0 - АНАЛИТИЧЕСКИЙ УРОВЕНЬ |
| Встроенное поле |
2001#$aПроблемы стратегического сырья в "3 империи" |
| -- |
700#1$aВиленчук$bА.М.$gАбрам Максимович$f1896-$4070 |
| Заглавие |
Проблемы стратегического сырья в "3 империи" |
| Автор |
Виленчук, Абрам Максимович (1896-) |
| 464 #0 - АНАЛИТИЧЕСКИЙ УРОВЕНЬ |
| Встроенное поле |
2001#$aПоджигатели войны за работой |
| -- |
700#1$aВиленчук$bА.М.$gАбрам Максимович$f1896-$4070 |
| Заглавие |
Поджигатели войны за работой |
| Автор |
Виленчук, Абрам Максимович (1896-) |
| 464 #0 - АНАЛИТИЧЕСКИЙ УРОВЕНЬ |
| Встроенное поле |
2001#$aВоенные приготовления германского фашизма в области сельского хозяйства |
| -- |
700#1$aГернле$bЭ.$4070 |
| Заглавие |
Военные приготовления германского фашизма в области сельского хозяйства |
| Автор |
Гернле, Э. |
| 464 #0 - АНАЛИТИЧЕСКИЙ УРОВЕНЬ |
| Встроенное поле |
2001#$aПодготовка германского транспорта к войне |
| -- |
700#1$aКильбах$bМ.$4070 |
| Заглавие |
Подготовка германского транспорта к войне |
| Автор |
Кильбах, М. |
| 464 #0 - АНАЛИТИЧЕСКИЙ УРОВЕНЬ |
| Встроенное поле |
2001#$aСтратегическое значение германских автострад |
| -- |
700#1$aКобелев$bМ.$4070 |
| Заглавие |
Стратегическое значение германских автострад |
| Автор |
Кобелев, М. |
| 464 #0 - АНАЛИТИЧЕСКИЙ УРОВЕНЬ |
| Встроенное поле |
2001#$aЗа чей счет вооружается современная Германия |
| -- |
700#1$aШульц$bГ.$4070 |
| Заглавие |
За чей счет вооружается современная Германия |
| Автор |
Шульц, Г. |
| 464 #0 - АНАЛИТИЧЕСКИЙ УРОВЕНЬ |
| Встроенное поле |
2001#$aБорьба за душу солдата |
| Заглавие |
Борьба за душу солдата |
| 464 #0 - АНАЛИТИЧЕСКИЙ УРОВЕНЬ |
| Встроенное поле |
2001#$aВоенная пропаганда в фашистской Германии |
| -- |
700#1$aГер$bЮ.$4070 |
| Заглавие |
Военная пропаганда в фашистской Германии |
| Автор |
Гер, Ю. |
| 464 #0 - АНАЛИТИЧЕСКИЙ УРОВЕНЬ |
| Встроенное поле |
2001#$aНаци и венский путч |
| Заглавие |
Наци и венский путч |
| 464 #0 - АНАЛИТИЧЕСКИЙ УРОВЕНЬ |
| Встроенное поле |
2001#$aФорпост германского фашизма в Чехословакии |
| -- |
700#1$aВолынский$bЛ.$4070 |
| Заглавие |
Форпост германского фашизма в Чехословакии |
| Автор |
Волынский, Л. |
| 464 #0 - АНАЛИТИЧЕСКИЙ УРОВЕНЬ |
| Встроенное поле |
2001#$aФашизм и пролетариат |
| -- |
700#1$aКнорин$bВ.$4070 |
| Заглавие |
Фашизм и пролетариат |
| Автор |
Кнорин, В. |
| 464 #0 - АНАЛИТИЧЕСКИЙ УРОВЕНЬ |
| Встроенное поле |
2001#$aВоенная политика Гитлера и задачи германской компартии |
| -- |
700#1$aРихтер$bМ.$4070 |
| Заглавие |
Военная политика Гитлера и задачи германской компартии |
| Автор |
Рихтер, М. |
| 702 #1 - ИМЯ ЛИЦА - ВТОРИЧНАЯ ОТВЕТСТВЕННОСТЬ |
| Начальный элемент ввода |
Виленчук |
| Часть имени, кроме начального элемента ввода |
А.М. |
| Даты |
1896- |
| Расширение инициалов личного имени |
Абрам Максимович |
| Код отношения |
Редактор |
| 801 #0 - ИСТОЧНИК ЗАПИСИ |
| Страна |
Российская Федерация |
| Организация |
NLR |
| Правила каталогизации |
psbo |
| 801 #1 - ИСТОЧНИК ЗАПИСИ |
| Страна |
Российская Федерация |
| Организация |
ELAR |
| Источник данных |
rusmarc |
| 852 ## - МЕСТОНАХОЖДЕНИЕ И ШИФР ХРАНЕНИЯ |
| Идентификатор организации |
NLR |
| Шифр хранения (Call Number) |
35-4/877 |
| 942 ## - ДОПОЛНИТЕЛЬНЫЕ ЭЛЕМЕНТЫ ЗАПИСИ (АБИС) |
| Тип экземпляра АБИС |
Книга |
| 980 ## - КОЛЛЕКЦИЯ |
| Название коллекции |
Национальная библиография |